[Event "C.to Italiano U12"]
[Site "Cortina d'Ampezzo ITA"]
[Date "2005.07.04"]
[Round "2"]
[White "Vezzelli, Francesco"]
[Black "Aramino, Andrea"]
[Result "1-0"]
[WhiteElo "1525"]
[BlackElo "1386"]
[PlyCount "81"]
[EventDate "2005.07.03"]

1. e4 c5 2. Nf3 Nc6 3. d4 cxd4 4. Nxd4 Nf6 5. Nc3 g6 6. Be3 Bg7 7. Be2 O-O 8.
O-O d6 9. Bf3 e5 10. Nxc6 bxc6 11. Qd2 Bg4 12. Bxg4 Nxg4 13. Rad1 Qh4 14. h3
Nxe3 15. Qxe3 Bh6 16. Qd3 Rfd8 17. Qa6 d5 18. exd5 cxd5 19. Rxd5 Rxd5 20. Nxd5
Rd8 21. c4 Bf4 22. Qxa7 Re8 23. Nxf4 exf4 24. Qd7 Re4 25. Qg4 Qxg4 26. hxg4
Rxc4 27. Rb1 h5 28. gxh5 gxh5 29. b4 Rc7 30. b5 Rb7 31. a4 h4 32. a5 f3 33. a6
Ra7 34. Rb3 fxg2 35. Kxg2 f5 36. b6 Rxa6 37. b7 Rg6+ 38. Kf1 h3 39. b8=Q+ Kf7
40. Qc7+ Ke6 41. Rb6+ 1-0

[Event "C.to Italiano U12"]
[Site "Cortina d'Ampezzo ITA"]
[Date "2005.07.05"]
[Round "3"]
[White "Costabloz, Giammarco"]
[Black "Marguerettaz, Davy"]
[Result "1-0"]
[WhiteElo "1529"]
[BlackElo "1670"]
[PlyCount "35"]
[EventDate "2005.07.03"]

1. e4 c6 2. d4 d5 3. exd5 cxd5 4. c4 Nf6 5. Nc3 Nc6 6. Nf3 Bg4 7. cxd5 Nxd5 8.
Bc4 Nxc3 9. bxc3 Qc7 10. Bxf7+ Kd8 11. h3 Bxf3 12. Qxf3 Qd7 13. Bd5 Rc8 14. Qe4
Ra8 15. Be6 Qe8 16. Qd5+ Kc7 17. Bf4+ Ne5 18. Bxe5+ 1-0

[Event "C.to Italiano U12"]
[Site "Cortina d'Ampezzo ITA"]
[Date "2005.07.05"]
[Round "3"]
[White "Ferri, Fabio"]
[Black "Perrone, Davide"]
[Result "0-1"]
[WhiteElo "1428"]
[BlackElo "1491"]
[PlyCount "66"]
[EventDate "2005.07.03"]

1. e4 c5 2. Nf3 Nc6 3. Bb5 Qb6 4. Qe2 g6 5. Nc3 Bg7 6. O-O a6 7. Bc4 e6 8. d3
Nge7 9. Bf4 Qxb2 10. Na4 Qb4 11. Bb3 Bxa1 12. Rxa1 Nd4 13. Nxd4 Qxd4 14. c3 Qf6
15. Bd6 b5 16. Nb6 Ra7 17. e5 Qg5 18. Bxc5 Rc7 19. d4 Bb7 20. f3 Nf5 21. a4 Nh4
22. d5 Rxc5 23. axb5 Rxb5 24. Nc4 Rxb3 25. Nd6+ Kf8 26. Nxb7 Rxb7 27. Rxa6 Qc1+
28. Qf1 Qxf1+ 29. Kxf1 exd5 30. Rd6 Ke7 31. Rxd5 Rb2 32. Kg1 Ra8 33. h3 Nxf3+
0-1

[Event "C.to Italiano U12"]
[Site "Cortina d'Ampezzo ITA"]
[Date "2005.07.05"]
[Round "3"]
[White "Pachera, Marco"]
[Black "Cordoglio, Simone"]
[Result "0-1"]
[WhiteElo "1476"]
[BlackElo "1482"]
[PlyCount "78"]
[EventDate "2005.07.03"]

1. d4 Nf6 2. Nf3 g6 3. Bf4 Bg7 4. e3 O-O 5. Bd3 d6 6. Nbd2 Nbd7 7. c3 Re8 8.
Bc4 h6 9. Qb3 e6 10. h4 Nb6 11. Bd3 Nfd7 12. h5 e5 13. dxe5 dxe5 14. Bg3 Nc5
15. Qc2 Nxd3+ 16. Ke2 e4 17. Ne1 Bg4+ 18. f3 Nxe1 19. Raxe1 exf3+ 20. gxf3 Bxh5
21. Rh2 Nd5 22. Bf2 Nf4+ 23. Kf1 Nd3 24. Rd1 Nxf2 25. Kxf2 Qe7 26. Re1 f5 27.
Rxh5 gxh5 28. Qxf5 Rad8 29. Ne4 Qh4+ 30. Kg1 Rf8 31. Qe6+ Kh8 32. Rf1 Rg8 33.
Rc1 Bf8+ 34. Kf1 Qh1+ 35. Ke2 Rg2+ 36. Nf2 Qxc1 37. Qf6+ Kg8 38. Qxd8 Qc2+ 39.
Qd2 Rxf2+ 0-1

[Event "C.to Italiano U12"]
[Site "Cortina d'Ampezzo ITA"]
[Date "2005.07.05"]
[Round "4"]
[White "Aramino, Andrea"]
[Black "Castello, Luciano"]
[Result "0-1"]
[WhiteElo "1386"]
[BlackElo "1425"]
[PlyCount "110"]
[EventDate "2005.07.03"]

1. d4 d5 2. c4 e6 3. Nf3 Nf6 4. Bg5 Be7 5. Nc3 b6 6. e3 Ba6 7. b3 O-O 8. Bd3
Nbd7 9. O-O c5 10. Re1 Rc8 11. a4 cxd4 12. exd4 dxc4 13. bxc4 Bxc4 14. Bxc4
Rxc4 15. Ne4 Nxe4 16. Bxe7 Qxe7 17. Rxe4 Nf6 18. Rh4 Rfc8 19. h3 Qc7 20. Nd2
Rc1 21. Rxc1 Qxc1 22. Qxc1 Rxc1+ 23. Kh2 Rc2 24. Ne4 Nxe4 25. Rxe4 f5 26. Rxe6
Kf7 27. Re5 Rxf2 28. d5 Rd2 29. Rxf5+ Kg6 30. Re5 Kf6 31. Rh5 Rd4 32. d6 Rxd6
33. a5 bxa5 34. Rxa5 a6 35. g4 h6 36. Rf5+ Ke6 37. Ra5 g5 38. Ra1 Kd5 39. Rd1+
Kc5 40. Rb1 a5 41. Kg3 a4 42. h4 a3 43. hxg5 hxg5 44. Kf3 a2 45. Ra1 Ra6 46.
Ke4 Kc4 47. Kf5 Ra5+ 48. Kg6 Kc3 49. Rxa2 Rxa2 50. Kxg5 Ra6 51. Kh5 Kd4 52. g5
Ke5 53. g6 Ra7 54. Kh6 Kf6 55. Kh5 Rg7 0-1

[Event "C.to Italiano U12"]
[Site "Cortina d'Ampezzo ITA"]
[Date "2005.07.05"]
[Round "4"]
[White "Costabloz, Giammarco"]
[Black "Blengino, Luca"]
[Result "1/2-1/2"]
[WhiteElo "1529"]
[BlackElo "1685"]
[PlyCount "119"]
[EventDate "2005.07.03"]

1. e4 e6 2. d4 d5 3. Nc3 Bb4 4. e5 c5 5. a3 Qa5 6. Nge2 cxd4 7. Qxd4 Nc6 8. Qe3
Bc5 9. Qg3 g6 10. Kd1 Nge7 11. Bd2 Qc7 12. b4 Nf5 13. Qf4 Be7 14. g4 g5 15. Qf3
Nh4 16. Qg3 Qxe5 17. Qxe5 Nxe5 18. h3 Nc4 19. Nb5 Kd8 20. Nbd4 Nxd2 21. Kxd2
Bf6 22. c3 Bd7 23. Rc1 Rc8 24. Kc2 e5 25. Nb3 Ba4 26. Kb2 b6 27. Rg1 Bxb3 28.
Kxb3 Nf3 29. Rg3 e4 30. Bg2 Nh4 31. a4 Be5 32. Bh1 Bxg3 33. Nxg3 Re8 34. Re1
Ke7 35. f3 Kf8 36. fxe4 dxe4 37. Rxe4 Rxe4 38. Bxe4 h6 39. Bf5 Nxf5 40. Nxf5
Rc6 41. Kb2 Rf6 42. Kb3 h5 43. Kc4 hxg4 44. hxg4 Rc6+ 45. Kb3 a5 46. Nd4 Rd6
47. bxa5 bxa5 48. Kc4 Rf6 49. Kb5 Rf4 50. Kxa5 Rxg4 51. Kb5 Rxd4 52. cxd4 g4
53. a5 g3 54. a6 g2 55. a7 g1=Q 56. a8=Q+ Kg7 57. d5 Qb1+ 58. Kc6 Qc2+ 59. Kd6
f5 60. Qa1+ 1/2-1/2

[Event "C.to Italiano U12"]
[Site "Cortina d'Ampezzo ITA"]
[Date "2005.07.05"]
[Round "4"]
[White "Perrone, Davide"]
[Black "Cordoglio, Simone"]
[Result "1/2-1/2"]
[WhiteElo "1491"]
[BlackElo "1482"]
[PlyCount "73"]
[EventDate "2005.07.03"]

1. e4 c5 2. Nf3 Nc6 3. Bb5 d6 4. d4 cxd4 5. Nxd4 Bd7 6. Nxc6 Bxc6 7. Bxc6+ bxc6
8. O-O Nf6 9. Nc3 d5 10. exd5 cxd5 11. Bg5 e6 12. Re1 Bb4 13. Qd4 Bxc3 14. Qxc3
Rc8 15. Qb3 O-O 16. Rab1 h6 17. Bh4 g5 18. Bg3 Ne4 19. Be5 Nd2 20. Qh3 Kh7 21.
Qd3+ Ne4 22. f3 f6 23. Bd4 f5 24. fxe4 fxe4 25. Qd2 Qc7 26. Qc3 Qf4 27. Qe3
Qxe3+ 28. Bxe3 Rxc2 29. Bxa7 Ra8 30. Bd4 Rxa2 31. Bc3 Ra4 32. Ra1 Rc4 33. Ra6
d4 34. Rxe4 dxc3 35. Rxc4 Rc1+ 36. Kf2 cxb2 37. Rb4 1/2-1/2

[Event "C.to Italiano U12"]
[Site "Cortina d'Ampezzo ITA"]
[Date "2005.07.06"]
[Round "5"]
[White "Cordoglio, Simone"]
[Black "Testa, Adriano"]
[Result "0-1"]
[WhiteElo "1482"]
[BlackElo "1743"]
[PlyCount "67"]
[EventDate "2005.07.03"]

1. d4 d5 2. Nf3 c6 3. Bf4 Bf5 4. e3 e6 5. Nbd2 Nf6 6. Ne5 Bg6 7. Ndf3 Nbd7 8.
c3 Nxe5 9. Nxe5 Bd6 10. Be2 O-O 11. Bg5 Be7 12. h4 h6 13. Bxf6 gxf6 14. Nxg6
fxg6 15. Qc2 f5 16. h5 g5 17. g4 Qe8 18. O-O-O fxg4 19. Bxg4 Bd6 20. Qg6+ Qxg6
21. hxg6 Kg7 22. Bxe6 Kxg6 23. Rdf1 h5 24. Rhg1 Rf6 25. Bh3 Raf8 26. f4 g4 27.
Rf2 Kh6 28. Bf1 Re8 29. Kd2 Rfe6 30. Rg3 Be7 31. Rg1 Rxe3 32. Kxe3 Bh4+ 33. Kd3
Bxf2 34. Rg2 0-1

[Event "C.to Italiano U12"]
[Site "Cortina d'Ampezzo ITA"]
[Date "2005.07.06"]
[Round "5"]
[White "Dipace, Federico"]
[Black "Perrone, Davide"]
[Result "1-0"]
[WhiteElo "1458"]
[BlackElo "1491"]
[PlyCount "93"]
[EventDate "2005.07.03"]

1. e4 c5 2. Nf3 Nc6 3. Bb5 Qb6 4. Bxc6 bxc6 5. d3 d5 6. b3 Bg4 7. Bf4 e6 8.
Nbd2 Nf6 9. h3 Bh5 10. O-O Be7 11. Re1 Rd8 12. Be5 O-O 13. Qe2 Nd7 14. Qe3 Nxe5
15. Nxe5 Bf6 16. Qg3 Qc7 17. f4 Kh8 18. Rab1 Bxe5 19. fxe5 f6 20. exd5 Rxd5 21.
Nc4 fxe5 22. Rxe5 Bg6 23. Qe3 Rxe5 24. Nxe5 Qd6 25. Re1 Rf6 26. Ng4 Rf8 27.
Qxe6 Qd4+ 28. Qe3 Qd6 29. Ne5 Be8 30. Rf1 Rxf1+ 31. Kxf1 Qf6+ 32. Nf3 Qa1+ 33.
Kf2 Bf7 34. Qxc5 Qxa2 35. Qxc6 Bxb3 36. Nd4 Bg8 37. Qc7 Qa6 38. Nc6 Qb5 39.
Nxa7 Qf5+ 40. Kg1 Qe6 41. Qc5 Qe1+ 42. Kh2 Qb1 43. Qc8 Qb6 44. Nc6 Qf2 45. Qb8
Qf7 46. c4 Qd7 47. Ne5 1-0

[Event "C.to Italiano U12"]
[Site "Cortina d'Ampezzo ITA"]
[Date "2005.07.06"]
[Round "5"]
[White "Mortola, Francesco"]
[Black "Aramino, Andrea"]
[Result "0-1"]
[WhiteElo "1437"]
[BlackElo "1386"]
[PlyCount "66"]
[EventDate "2005.07.03"]

1. e4 c5 2. Nf3 Nc6 3. Nc3 Nf6 4. e5 Ng4 5. h3 Ngxe5 6. Nxe5 Nxe5 7. d4 cxd4 8.
Qxd4 Nc6 9. Qd1 g6 10. b3 Bg7 11. Bb2 O-O 12. Qd2 d6 13. O-O-O Bd7 14. h4 Qa5
15. a4 Rfc8 16. Nd5 Qxd2+ 17. Rxd2 Bxb2+ 18. Kxb2 h5 19. b4 Kg7 20. b5 Ne5 21.
Nxe7 Rc7 22. f4 Nc4+ 23. Bxc4 Rxc4 24. Rxd6 Bf5 25. Nxf5+ gxf5 26. g3 Rxa4 27.
Rd7 Rb4+ 28. Ka3 Rxb5 29. Re1 Rc8 30. Re2 Rc3+ 31. Ka4 Rb1 32. Rd6 b5+ 33. Ka5
Ra3# 0-1

[Event "C.to Italiano U12"]
[Site "Cortina d'Ampezzo ITA"]
[Date "2005.07.06"]
[Round "5"]
[White "Stella, Andrea"]
[Black "Costabloz, Giammarco"]
[Result "1-0"]
[WhiteElo "1608"]
[BlackElo "1529"]
[PlyCount "126"]
[EventDate "2005.07.03"]

1. e4 c5 2. Nf3 Nc6 3. d4 cxd4 4. Nxd4 Nf6 5. Nc3 g6 6. f3 Bg7 7. Be3 O-O 8.
Qd2 d5 9. Nxc6 bxc6 10. O-O-O Be6 11. exd5 Bxd5 12. Nxd5 Nxd5 13. Bd4 e5 14.
Bc5 Re8 15. Bc4 Nb6 16. Qxd8 Rexd8 17. Bb3 Nd5 18. Bxd5 cxd5 19. Rhe1 Rd7 20.
c3 Rad8 21. Kb1 f5 22. Re2 e4 23. Bd4 Bh6 24. Rde1 Bf4 25. h3 Bg3 26. Bf2 Bxf2
27. Rxf2 exf3 28. Rxf3 d4 29. c4 Rc8 30. b3 a5 31. Rd3 a4 32. Red1 axb3 33.
axb3 Rcd8 34. Kb2 Re8 35. Kc2 Re2+ 36. R1d2 Re1 37. Rxd4 Rxd4 38. Rxd4 Re2+ 39.
Rd2 Re4 40. Kc3 Re3+ 41. Kb4 f4 42. c5 Re8 43. Kc4 Rb8 44. b4 Kg7 45. b5 h5 46.
b6 g5 47. Kb5 g4 48. hxg4 hxg4 49. c6 f3 50. gxf3 gxf3 51. c7 Rf8 52. b7 f2 53.
Rxf2 Rxf2 54. b8=Q Rb2+ 55. Kc6 Rxb8 56. cxb8=Q Kf6 57. Qe8 Kf5 58. Kd5 Kf4 59.
Qe4+ Kg5 60. Qf3 Kg6 61. Ke6 Kg7 62. Qf6+ Kg8 63. Qe7 Kh8 1-0

[Event "C.to Italiano U12"]
[Site "Cortina d'Ampezzo ITA"]
[Date "2005.07.07"]
[Round "6"]
[White "Cordoglio, Simone"]
[Black "Salemi, Marco"]
[Result "1-0"]
[WhiteElo "1482"]
[BlackElo "1305"]
[PlyCount "109"]
[EventDate "2005.07.03"]

1. d4 d5 2. Nf3 Nf6 3. Bf4 Nc6 4. e3 Bf5 5. Nbd2 Nb4 6. Bb5+ c6 7. Ba4 g6 8. a3
Na6 9. O-O Bg7 10. Rc1 b5 11. Qe2 O-O 12. Ne5 Qb6 13. Bb3 c5 14. c3 c4 15. Bc2
Bxc2 16. Rxc2 h6 17. Qf3 Qe6 18. Re1 Kh7 19. e4 Rad8 20. exd5 Rxd5 21. Rcc1 Ng8
22. Nxg6 Qd7 23. Nxf8+ Bxf8 24. Be5 f6 25. Re2 Bg7 26. Bg3 e5 27. Rd1 exd4 28.
cxd4 Rxd4 29. Bf4 Ne7 30. Rde1 Bf8 31. Bxh6 Kxh6 32. Qxf6+ Kh7 33. Rxe7+ Bxe7
34. Rxe7+ Qxe7 35. Qxe7+ Kg8 36. h3 Rxd2 37. Qg5+ Kf8 38. Qxd2 Kg8 39. Qd8+ Kg7
40. Qg5+ Kh7 41. Qxb5 Nc7 42. Qd7+ Kg6 43. Qxc7 Kf6 44. Qxc4 a5 45. Qb5 a4 46.
Kh2 Ke6 47. Kg3 Kf6 48. Kf4 Kg6 49. Qg5+ Kf7 50. Qh6 Ke7 51. Ke5 Kd7 52. Qd6+
Ke8 53. Qc7 Kf8 54. Kf6 Kg8 55. Qg7# 1-0

[Event "C.to Italiano U12"]
[Site "Cortina d'Ampezzo ITA"]
[Date "2005.07.07"]
[Round "6"]
[White "Falconi, Massimo"]
[Black "Costabloz, Giammarco"]
[Result "1/2-1/2"]
[WhiteElo "1585"]
[BlackElo "1529"]
[PlyCount "58"]
[EventDate "2005.07.03"]

1. d4 Nf6 2. c4 g6 3. Nc3 Bg7 4. e4 d6 5. Nf3 O-O 6. Be3 Nbd7 7. Be2 c6 8. Rc1
Qc7 9. d5 c5 10. Bd3 a6 11. a3 Qa5 12. Bd2 Qc7 13. b4 b6 14. Rb1 Ne8 15. Na4
Rb8 16. bxc5 bxc5 17. Rb3 Rxb3 18. Qxb3 Qb7 19. Qxb7 Bxb7 20. O-O Ne5 21. Nxe5
Bxe5 22. Rb1 Bc8 23. Rb8 Nf6 24. Bc2 Bd7 25. Rxf8+ Kxf8 26. Nb6 Bb2 27. Bg5 Be8
28. Bxf6 exf6 29. a4 Be5 1/2-1/2

[Event "C.to Italiano U12"]
[Site "Cortina d'Ampezzo ITA"]
[Date "2005.07.07"]
[Round "6"]
[White "Perrone, Davide"]
[Black "Bernardi, Luca"]
[Result "1-0"]
[WhiteElo "1491"]
[BlackElo "1407"]
[PlyCount "95"]
[EventDate "2005.07.03"]

1. e4 e5 2. Nf3 Nc6 3. Bb5 d6 4. O-O Bd7 5. Re1 a6 6. Ba4 Nf6 7. d3 h6 8. d4 b5
9. Bb3 Bg4 10. c3 Qd7 11. d5 Nd8 12. Nbd2 Nb7 13. Nf1 Nc5 14. Bc2 c6 15. b4 Nb7
16. Ne3 c5 17. a4 Qc8 18. Nxg4 Nxg4 19. h3 Nf6 20. Bd2 Be7 21. axb5 axb5 22.
Rxa8 Qxa8 23. Qa1 O-O 24. Qb2 Qa7 25. Ra1 Qb6 26. Rb1 Rb8 27. bxc5 Nxc5 28. c4
Nfxe4 29. Bxe4 Nxe4 30. Be3 Nc5 31. Bxc5 Qxc5 32. Qb4 Qc7 33. cxb5 Bd8 34. Nd2
f5 35. Nc4 Rb6 36. Nxb6 Qxb6 37. Rc1 Qb8 38. Rc6 Kh7 39. b6 Kg8 40. b7 Bc7 41.
Rxc7 Qxc7 42. b8=Q+ Qxb8 43. Qxb8+ Kf7 44. Qxd6 e4 45. Qe6+ Kf8 46. d6 g6 47.
Qe7+ Kg8 48. d7 1-0

[Event "C.to Italiano U12"]
[Site "Cortina d'Ampezzo ITA"]
[Date "2005.07.08"]
[Round "7"]
[White "Bonassi, Tommaso"]
[Black "Aramino, Andrea"]
[Result "1-0"]
[WhiteElo "1503"]
[BlackElo "1386"]
[PlyCount "77"]
[EventDate "2005.07.03"]

1. e4 c5 2. Nf3 Nc6 3. Bc4 Nf6 4. Nc3 g6 5. O-O Bg7 6. d4 cxd4 7. Nxd4 O-O 8.
Be3 d6 9. Qe2 Bd7 10. Rfd1 Qa5 11. a3 Rfc8 12. b4 Qb6 13. Ndb5 Qd8 14. Bb3 a6
15. Nxd6 exd6 16. Rxd6 Ng4 17. Rad1 Qe8 18. Rxd7 Nxe3 19. Bxf7+ Qxf7 20. Rxf7
Kxf7 21. Qxe3 Ne7 22. Nd5 Nxd5 23. exd5 Re8 24. Qf3+ Bf6 25. d6 Re6 26. Qxb7+
Be7 27. Qxa8 Bxd6 28. Qb7+ Be7 29. h3 Kg8 30. Rd7 Kf7 31. Rxe7+ Rxe7 32. Qxa6
Re2 33. c4 Rc2 34. c5 Rc3 35. c6 Kg7 36. Qb7+ Kh6 37. c7 Rxc7 38. Qxc7 g5 39.
b5 1-0

[Event "C.to Italiano U12"]
[Site "Cortina d'Ampezzo ITA"]
[Date "2005.07.08"]
[Round "7"]
[White "Costabloz, Giammarco"]
[Black "Cordoglio, Simone"]
[Result "1-0"]
[WhiteElo "1529"]
[BlackElo "1482"]
[PlyCount "51"]
[EventDate "2005.07.03"]

1. e4 c5 2. Nf3 Nc6 3. d4 cxd4 4. Nxd4 Nf6 5. Nc3 g6 6. Be3 Bg7 7. Bc4 O-O 8.
Qd2 d6 9. f3 Bd7 10. O-O-O Qa5 11. Bb3 Rfc8 12. Kb1 Ne5 13. g4 Nc4 14. Bxc4
Rxc4 15. Nb3 Qc7 16. Rc1 a5 17. g5 Nh5 18. Nd5 Qd8 19. Nb6 a4 20. Nxc4 axb3 21.
cxb3 Ra6 22. Bd4 Qa8 23. Nb6 Qd8 24. Nxd7 Qxd7 25. Bxg7 Kxg7 26. Qc3+ 1-0

[Event "C.to Italiano U12"]
[Site "Cortina d'Ampezzo ITA"]
[Date "2005.07.08"]
[Round "7"]
[White "Tamai, Marco"]
[Black "Perrone, Davide"]
[Result "1/2-1/2"]
[WhiteElo "1598"]
[BlackElo "1491"]
[PlyCount "53"]
[EventDate "2005.07.03"]

1. e4 c5 2. Nf3 Nc6 3. d4 cxd4 4. Nxd4 Nf6 5. Nc3 g6 6. Bc4 Bg7 7. f3 Nxe4 8.
Nxc6 Nxc3 9. Nxd8 Nxd1 10. Nxf7 Nxb2 11. Bxb2 Bxb2 12. Nxh8 Bxa1 13. Nf7 Bf6
14. Kd1 e6 15. Nh6 d5 16. Bb3 Bd7 17. Re1 O-O-O 18. Ng4 Rf8 19. Nxf6 Rxf6 20.
Re3 Kc7 21. Kd2 a6 22. Rc3+ Bc6 23. Re3 Kd6 24. Rd3 Rf5 25. Ke1 Rg5 26. Kf2 b5
27. c4 1/2-1/2

[Event "C.to Italiano U12"]
[Site "Cortina d'Ampezzo ITA"]
[Date "2005.07.08"]
[Round "8"]
[White "Binci, Luca"]
[Black "Aramino, Andrea"]
[Result "0-1"]
[WhiteElo "1458"]
[BlackElo "1386"]
[PlyCount "82"]
[EventDate "2005.07.03"]

1. c4 e5 2. g3 f5 3. Bg2 Nf6 4. Nf3 d6 5. Nc3 Nc6 6. d3 Be7 7. Bd2 O-O 8. O-O
Be6 9. Re1 Kh8 10. e4 fxe4 11. Nxe4 Nxe4 12. dxe4 Bxc4 13. b3 Be6 14. Qc1 Bg4
15. Re3 Bxf3 16. Bxf3 Nd4 17. Qd1 Bg5 18. Rc3 Bxd2 19. Rd3 Bg5 20. Bg2 g6 21.
h4 Be7 22. Qd2 b5 23. a4 bxa4 24. Rxa4 Bf6 25. Rc3 c5 26. b4 cxb4 27. Rxb4 a5
28. Ra4 Qd7 29. Rac4 a4 30. Qa2 h6 31. f4 exf4 32. e5 Bxe5 33. Bxa8 Rxa8 34.
gxf4 Bf6 35. Kf1 Nb3 36. Rxb3 Kh7 37. Ra3 Bxh4 38. Raxa4 Qh3+ 39. Qg2 Qd3+ 40.
Kg1 Qe3+ 41. Kf1 Qe1# 0-1

[Event "C.to Italiano U12"]
[Site "Cortina d'Ampezzo ITA"]
[Date "2005.07.08"]
[Round "8"]
[White "Cordoglio, Simone"]
[Black "Bergoglio, Luca"]
[Result "1-0"]
[WhiteElo "1482"]
[BlackElo "1410"]
[PlyCount "97"]
[EventDate "2005.07.03"]

1. d4 d5 2. Nf3 Bf5 3. Bf4 Nc6 4. c3 e6 5. e3 Nf6 6. Nbd2 Be7 7. Bb5 O-O 8. Qa4
Qd7 9. Ne5 Qe8 10. Nxc6 bxc6 11. Bxc6 Qc8 12. Bxa8 Qxa8 13. Bxc7 Ne4 14. Nxe4
Bxe4 15. f3 Bh4+ 16. Bg3 Bxg3+ 17. hxg3 Bd3 18. Rd1 Bg6 19. c4 Rc8 20. c5 Qb7
21. b4 Ra8 22. b5 h6 23. c6 Qc7 24. f4 Be4 25. Kf2 f6 26. Rc1 e5 27. Qa6 Rb8
28. dxe5 fxe5 29. fxe5 Qxe5 30. Qa3 Rf8+ 31. Ke2 Bxg2 32. Rhg1 Bf3+ 33. Kd2 d4
34. Qxa7 Qxe3+ 35. Kc2 Be4+ 36. Kb2 Qd2+ 37. Ka1 Rf2 38. Qa3 Bd5 39. Rgd1 Qxa2+
40. Qxa2 Rxa2+ 41. Kb1 Ra4 42. c7 Rb4+ 43. Kc2 Rc4+ 44. Kd3 Rc3+ 45. Rxc3 dxc3
46. c8=Q+ Kh7 47. Qxc3 Bf7 48. Ra1 Bg6+ 49. Ke3 1-0

[Event "C.to Italiano U12"]
[Site "Cortina d'Ampezzo ITA"]
[Date "2005.07.08"]
[Round "8"]
[White "Perrone, Davide"]
[Black "Capizzi, Biagio"]
[Result "1/2-1/2"]
[WhiteElo "1491"]
[BlackElo "1578"]
[PlyCount "65"]
[EventDate "2005.07.03"]

1. e4 c5 2. Nf3 d6 3. d4 cxd4 4. Nxd4 Nf6 5. Nc3 g6 6. Be3 Bg7 7. Bc4 Nc6 8.
Qd2 O-O 9. f3 Bd7 10. g4 a6 11. h4 b5 12. Bb3 Ne5 13. h5 Nc4 14. Bxc4 bxc4 15.
hxg6 fxg6 16. Bh6 Rf7 17. O-O-O Rb8 18. Rh4 Qb6 19. b3 a5 20. Rdh1 cxb3 21.
cxb3 Nxe4 22. fxe4 Qxd4 23. Bxg7 Qxd2+ 24. Kxd2 Rxg7 25. g5 Bc6 26. Rf1 Rf8 27.
Rxf8+ Kxf8 28. Rf4+ Rf7 29. Rh4 Ke8 30. Ke3 Kd7 31. a3 Kc7 32. Kd3 Kb6 33. Kc4
1/2-1/2

[Event "C.to Italiano U12"]
[Site "Cortina d'Ampezzo ITA"]
[Date "2005.07.08"]
[Round "8"]
[White "Vezzelli, Francesco"]
[Black "Costabloz, Giammarco"]
[Result "1/2-1/2"]
[WhiteElo "1525"]
[BlackElo "1529"]
[PlyCount "87"]
[EventDate "2005.07.03"]

1. e4 c5 2. Nf3 Nc6 3. d4 cxd4 4. Nxd4 Nf6 5. Nc3 g6 6. Bc4 Bg7 7. O-O O-O 8.
Bf4 d6 9. Nf3 Qb6 10. Rb1 Qc7 11. h3 Bd7 12. Qd2 Rac8 13. Bb3 Nh5 14. Bh6 Nf6
15. Rfe1 Rfe8 16. Bxg7 Kxg7 17. Qe3 a6 18. e5 dxe5 19. Nxe5 Nxe5 20. Qxe5 Qxe5
21. Rxe5 e6 22. Rc1 Bc6 23. Na4 Bd5 24. Nb6 Rc5 25. Nxd5 Nxd5 26. Bxd5 Rxd5 27.
Rxd5 exd5 28. Kf1 Rc8 29. c3 Re8 30. Re1 Rxe1+ 31. Kxe1 Kf6 32. Ke2 Ke5 33. Ke3
g5 34. g3 b6 35. a3 h5 36. f4+ gxf4+ 37. gxf4+ Kf5 38. Kf3 h4 39. b3 b5 40. b4
f6 41. Ke3 Ke6 42. Kd4 Kf5 43. Ke3 Ke6 44. Kd4 1/2-1/2

[Event "C.to Italiano U12"]
[Site "Cortina d'Ampezzo ITA"]
[Date "2005.07.09"]
[Round "9"]
[White "Aramino, Andrea"]
[Black "Gravina, Eugenio"]
[Result "1/2-1/2"]
[WhiteElo "1386"]
[BlackElo "1458"]
[PlyCount "37"]
[EventDate "2005.07.03"]

1. d4 Nf6 2. c4 g6 3. Nc3 d5 4. cxd5 Nxd5 5. Nxd5 Qxd5 6. Nf3 Bg7 7. e3 Bf5 8.
Be2 Nc6 9. O-O O-O-O 10. h3 h5 11. b3 Bf6 12. Bc4 Qd7 13. Bb2 Qd6 14. Bxf7 e6
15. Rb1 Qd7 16. Bxe6 Qxe6 17. Rc1 g5 18. Re1 Qd6 19. e4 1/2-1/2

[Event "C.to Italiano U12"]
[Site "Cortina d'Ampezzo ITA"]
[Date "2005.07.09"]
[Round "9"]
[White "Costabloz, Giammarco"]
[Black "Di Trapani, Davide"]
[Result "1-0"]
[WhiteElo "1529"]
[BlackElo "1616"]
[PlyCount "115"]
[EventDate "2005.07.03"]

1. e4 e5 2. Nf3 Nc6 3. Bb5 a6 4. Bxc6 dxc6 5. O-O Bg4 6. h3 Bxf3 7. Qxf3 Qf6 8.
Nc3 Qxf3 9. gxf3 Nf6 10. d3 O-O-O 11. f4 Bd6 12. fxe5 Bxe5 13. f4 Bd4+ 14. Kh2
h6 15. Bd2 Rhg8 16. Rf3 g5 17. Raf1 g4 18. Rg3 gxh3 19. Rxg8 Rxg8 20. Kxh3 Kd7
21. f5 Be5 22. Bf4 Bxf4 23. Rxf4 Rg1 24. Rf2 Ng4 25. Re2 h5 26. a3 Ke7 27. e5
Rf1 28. f6+ Ke6 29. Kh4 Rh1+ 30. Kg5 c5 31. Ne4 Nxe5 32. Nxc5+ Kd5 33. Nxb7 h4
34. c4+ Kc6 35. Rxe5 Kxb7 36. Re7 h3 37. Kh4 h2 38. Kh3 Rf1 39. Kxh2 Rxf6 40.
Kg3 Kc6 41. b4 Kd6 42. Re4 Rg6+ 43. Kf2 f5 44. Rd4+ Ke5 45. Rd5+ Kf4 46. Rc5
Rg3 47. Rxf5+ Kxf5 48. Kxg3 Ke5 49. Kf3 Kd4 50. Ke2 Kc3 51. Ke3 Kb3 52. Kd4
Kxa3 53. b5 a5 54. Kc5 a4 55. Kc6 Kb3 56. Kxc7 a3 57. b6 a2 58. b7 1-0

[Event "C.to Italiano U12"]
[Site "Cortina d'Ampezzo ITA"]
[Date "2005.07.09"]
[Round "9"]
[White "Morello, Guido"]
[Black "Cordoglio, Simone"]
[Result "1-0"]
[WhiteElo "1428"]
[BlackElo "1482"]
[PlyCount "72"]
[EventDate "2005.07.03"]

1. e4 c5 2. Nf3 Nc6 3. d4 cxd4 4. Nxd4 Nf6 5. Nc3 g6 6. Be3 Bg7 7. f4 d6 8. Qd2
Ng4 9. Nxc6 bxc6 10. O-O-O Nxe3 11. Qxe3 Qa5 12. Be2 Be6 13. Rd3 Bxa2 14. Nxa2
Qxa2 15. Kd2 Bxb2 16. e5 Qa5+ 17. c3 d5 18. Kc2 Rb8 19. Rd4 Ba3 20. Ra1 Rb2+
21. Kd1 Rb3 22. Qh3 O-O 23. Rd3 c5 24. Rg3 Rfb8 25. Bd3 c4 26. Bc2 Rb2 27. f5
Kg7 28. Qg4 R8b6 29. h4 Qa6 30. h5 R2b5 31. hxg6 fxg6 32. fxg6 hxg6 33. Rxa3
Qxa3 34. Bxg6 Qa1+ 35. Bb1+ Kf7 36. Rf3+ Ke8 1-0

[Event "C.to Italiano U14"]
[Site "Cortina d'Ampezzo ITA"]
[Date "2005.07.03"]
[Round "1"]
[White "Crosa, Federico"]
[Black "Pelagalli, Marco"]
[Result "0-1"]
[WhiteElo "1296"]
[BlackElo "1502"]
[PlyCount "58"]
[EventDate "2005.07.03"]

1. e4 c5 2. Nf3 e6 3. d4 cxd4 4. Nxd4 a6 5. Nc3 Qc7 6. f3 Nc6 7. Be3 Nge7 8.
Qd2 d5 9. exd5 Nxd5 10. Bc4 Nxe3 11. Qxe3 Bc5 12. O-O-O Nxd4 13. Rxd4 Bxd4 14.
Qxd4 O-O 15. Bb3 Rd8 16. Qe4 Qc6 17. Qe5 b5 18. h4 Qd7 19. h5 Qd2+ 20. Kb1 Qxg2
21. Rc1 Qxf3 22. Rg1 f6 23. Qc7 Bd7 24. h6 g6 25. Bxe6+ Kf8 26. Bxd7 Qe3 27.
Rd1 Qe7 28. Rd2 b4 29. Na4 Qe1+ 0-1

[Event "C.to Italiano U14"]
[Site "Cortina d'Ampezzo ITA"]
[Date "2005.07.03"]
[Round "1"]
[White "Marando, Francesco"]
[Black "Hellweger, Hannes"]
[Result "0-1"]
[WhiteElo "1440"]
[BlackElo "1590"]
[PlyCount "88"]
[EventDate "2005.07.03"]

1. e4 e5 2. Nf3 Nc6 3. Nc3 d6 4. d4 Bg4 5. Bb5 Nge7 6. d5 a6 7. dxc6 axb5 8.
cxb7 Rb8 9. Nxb5 Rxb7 10. Nc3 Nc6 11. Qd5 Rb6 12. Be3 Be6 13. Qd2 Rxb2 14. O-O
Be7 15. Rab1 Rxb1 16. Rxb1 O-O 17. Bg5 Bg4 18. Nd5 Bxf3 19. Bxe7 Nxe7 20. Nxe7+
Qxe7 21. gxf3 h6 22. f4 Rd8 23. fxe5 dxe5 24. Qe3 Qe6 25. Qb3 Qg4+ 26. Qg3 Qxe4
27. Qc3 Qg4+ 28. Qg3 Rd1+ 29. Rxd1 Qxd1+ 30. Kg2 Qd5+ 31. Kg1 Qxa2 32. c3 Qb1+
33. Kg2 Qg6 34. Qxg6 fxg6 35. Kf3 Kf7 36. Ke4 Ke6 37. c4 c5 38. f3 g5 39. h3 g6
40. Ke3 Kf5 41. Kf2 Kf4 42. Ke2 e4 43. fxe4 Kxe4 44. Kd2 Kd4 0-1

[Event "C.to Italiano U14"]
[Site "Cortina d'Ampezzo ITA"]
[Date "2005.07.03"]
[Round "1"]
[White "Vigliocco, Davide"]
[Black "Spatocco, Alessandro"]
[Result "0-1"]
[WhiteElo "1383"]
[BlackElo "1512"]
[PlyCount "68"]
[EventDate "2005.07.03"]

1. e4 e5 2. Nf3 Nc6 3. d4 exd4 4. Nxd4 Bc5 5. Be3 Qf6 6. c3 Nge7 7. Nc2 Bb6 8.
Bxb6 axb6 9. Nd2 O-O 10. Bd3 Re8 11. O-O d5 12. Qh5 Ne5 13. Be2 N7g6 14. g3 Qd8
15. f4 Nc4 16. Nxc4 dxc4 17. Bxc4 Rxe4 18. Bxf7+ Kxf7 19. f5 Kg8 20. fxg6 hxg6
21. Qxg6 Qe7 22. Nd4 Bh3 23. Nf5 Qc5+ 24. Rf2 Bxf5 25. Qxf5 Re5 26. Qf7+ Kh7
27. Rd1 Rae8 28. Rd7 Re1+ 29. Kg2 Qc6+ 30. Rd5 R8e5 31. Rfd2 Rxd5 32. Qxd5 Re2+
33. Kh3 Qh6+ 34. Kg4 Rxd2 0-1